| 000 | 00000nam 2200000za 4500 |
| 001 | 9.606633 |
| 003 | CaOODSP |
| 005 | 20240207110905 |
| 007 | cr ||||||||||| |
| 008 | 150406|2012||||xxc|||||o f|0| 0 fre d |
| 040 | |aCaOODSP|bfre |
| 043 | |an-cn--- |
| 086 | 1 |aSE7-1/2012-1F-PDF |
| 245 | 00|aLes technologies dans le processus de vote : |h[ressource électronique]|bun aperçu des tendances et initiatives émergentes / |
| 260 | |aOttawa - Ontario : |bÉlections Canada |cMai 2012. |
| 300 | |a4 p. : |bill. en couleur |
| 490 | 1 |aNote de recherche |
| 590 | |a14-07-Supp|b2014-04-03 |
| 691 | 07|aÉlections|2gcpds |
| 691 | 07|aInternet|2gcpds |
| 691 | 07|aOpinion publique|2gcpds |
| 710 | 2 |aÉlections Canada. |
| 775 | 08|tTechnologies in the voting process |w(CaOODSP)9.578899 |
| 830 | #0|aNote de recherche.|w(CaOODSP)9.504131 |
| 856 | 40|ahttp://publications.gc.ca|qPDF|s344 Ko|uhttps://publications.gc.ca/collections/collection_2014/elections/SE7-1-2012-1-fra.pdf |